000 00387nam a2200145Ia 4500
008 230917s9999||||xx |||||||||||||| ||und||
040 _e181224
_aMAIN
041 _aEnglish
082 _a512.482 F221A
100 _aFaraut, Jacques
245 0 _aAnalysis on lie groups: An introduction
260 _aCambridge
_bCambridge University Press
_c2008
300 _aix, 302 p.
942 _cBK
999 _c165551
_d165551